书目信息 |
| 题名: |
新世纪大学英语系列教材综合教程3综合训练
|
|
| 作者: | 杨虹 , 张隆胜 主编 ;陈琳 分册主编 | |
| 分册: | ||
| 出版信息: | 上海 上海外语教育出版社 2010.05 |
|
| 页数: | 188页 | |
| 开本: | 26cm | |
| 丛书名: | ||
| 单 册: | ||
| 中图分类: | H319.6 | |
| 科图分类: | ||
| 主题词: | 英语--高等学校--习题 | |
| 电子资源: | ||
| ISBN: | 978-7-5446-1731-4 | |
| 000 | 00799nam0 2200241 450 | |
| 001 | 1242353637 | |
| 005 | 20120215102519.40 | |
| 010 | @a978-7-5446-1731-4@dCNY25.00 | |
| 100 | @a20110112d2010 y0chiy0110 ea | |
| 101 | 0 | @achi@aeng |
| 102 | @aCN@b310000 | |
| 105 | @ay z 000yy | |
| 200 | 1 | @a新世纪大学英语系列教材综合教程3综合训练@f张隆胜, 杨虹主编@g陈琳分册主编@9xin shi ji da xue ying yu xi lie jiao cai |
| 210 | @a上海@c上海外语教育出版社@d2010.05 | |
| 215 | @a188页@d26cm | |
| 300 | @a普通高等教育“十一五”国家级规划教材 | |
| 606 | 0 | @a英语@x高等学校@j习题 |
| 690 | @aH319.6@v4 | |
| 701 | 0 | @a杨虹@4主编@9Yang Hong |
| 701 | 0 | @a张隆胜@4主编@9zhang long sheng |
| 702 | 0 | @a陈琳@4分册主编@9chen lin |
| 801 | 0 | @aCN@b大连网信软件有限公司图书馆·11@c20120215 |
| 905 | @aZUCC@dH319.6@eY192 | |
| 新世纪大学英语系列教材综合教程3综合训练/张隆胜, 杨虹主编/陈琳分册主编.-上海:上海外语教育出版社,2010.05 |
| 188页;26cm |
| 普通高等教育“十一五”国家级规划教材 |
| ISBN 978-7-5446-1731-4:CNY25.00 |
| ● |
| 相关链接 |
|
|
|
正题名:新世纪大学英语系列教材综合教程3综合训练
索取号:H319.6/Y192
 
预约/预借
| 序号 | 登录号 | 条形码 | 馆藏地/架位号 | 状态 | 备注 |
| 1 | 843894 | 208438948 | 语言库209/209语言库 58排2列1层/ [索取号:H319.6/Y192] | 在馆 |